000 00318nam a22001337a 4500
020 _a9780074623206
082 _a576
_bPEL/MI
100 _aPelczar,Michael J.
_91112
245 _aMicrobiology
250 _a5 th
260 _aNew Delhi
_bTata Mcgraw Hill EducationPrivate Limited
_c2011
300 _a918
942 _cBK
999 _c14635
_d14635